<?xml version="1.0" encoding="UTF-8"?>
<record
    xmlns:xsi="http://www.w3.org/2001/XMLSchema-instance"
    xsi:schemaLocation="http://www.loc.gov/MARC21/slim http://www.loc.gov/standards/marcxml/schema/MARC21slim.xsd"
    xmlns="http://www.loc.gov/MARC21/slim">

  <leader>03109cam a22004094i 4500</leader>
  <controlfield tag="003">PE-LiUPU</controlfield>
  <controlfield tag="005">20250731173211.0</controlfield>
  <controlfield tag="008">150625s1961    ag      r     000 0 spa d</controlfield>
  <datafield tag="035" ind1=" " ind2=" ">
    <subfield code="a">(Sirsi) a32285</subfield>
  </datafield>
  <datafield tag="040" ind1=" " ind2=" ">
    <subfield code="a">PE-LiUPU</subfield>
    <subfield code="b">spa</subfield>
    <subfield code="c">PE-LiUPU</subfield>
    <subfield code="e">rda</subfield>
  </datafield>
  <datafield tag="049" ind1=" " ind2=" ">
    <subfield code="a">PRUA</subfield>
  </datafield>
  <datafield tag="082" ind1="0" ind2="4">
    <subfield code="a">200</subfield>
    <subfield code="b">V58</subfield>
    <subfield code="2">21</subfield>
  </datafield>
  <datafield tag="100" ind1="1" ind2=" ">
    <subfield code="a">Vries, Anne de,</subfield>
    <subfield code="e">autor.</subfield>
  </datafield>
  <datafield tag="245" ind1="1" ind2="3">
    <subfield code="a">El gran libro /</subfield>
    <subfield code="c">Anne de Vries.</subfield>
  </datafield>
  <datafield tag="264" ind1=" " ind2="1">
    <subfield code="a">Buenos Aires :</subfield>
    <subfield code="b">Junta de publicaciones de las iglesias reformadas en la argentina,</subfield>
    <subfield code="c">1961.</subfield>
  </datafield>
  <datafield tag="300" ind1=" " ind2=" ">
    <subfield code="a"></subfield>
  </datafield>
  <datafield tag="336" ind1=" " ind2=" ">
    <subfield code="a">text</subfield>
    <subfield code="2">rdacontent</subfield>
  </datafield>
  <datafield tag="337" ind1=" " ind2=" ">
    <subfield code="a">unmediated</subfield>
    <subfield code="2">rdamedia</subfield>
  </datafield>
  <datafield tag="338" ind1=" " ind2=" ">
    <subfield code="a">volume</subfield>
    <subfield code="2">rdacarrier</subfield>
  </datafield>
  <datafield tag="505" ind1="0" ind2=" ">
    <subfield code="a">La creaci&#xF3;n. - En el huerto del Ed&#xE9;n. - El primer pecado. - De tal manera amo Dios al mundo. - Ca&#xED;n y Abel. - Dios es fiel. - El diluvio. - Bendici&#xF3;n y maldici&#xF3;n. - La torre de Babel. - El amigo de Dios. - Abram y Lot. - Prueba de fe. - &#xBF;Hay cosa alguna demasiado dificil para Jehova?. - Sodoma y Gomorra. - Agar e Ismael. - Amar a Dios sobre todas las cosas. - Rebeca. - Jacob y Esau. - El enga&#xF1;o. - La huida de Jacob. - Jacob y Laban. - Peniel. - Jose y sus hermanos. - Jose como esclavo. - Jose en la carcel. - El rey so&#xF1;o. - Los hermanos van a Egipto. - Segundo viaje de los hermanos. - Viaje de Jacob a Egipto. - Job. - Moises. - El principe Moises. - La vocaci&#xF3;nde Moises. - Un hombre lucha contra Dios. - La liberaci&#xF3;n. - Por mar y arena. - Como un padre los conducia. - Junto al Sinai. - El tabernaculo. - Incredulidad. - Cuarenta a&#xF1;os. - Balaam,el mago. - Moises sobre el Nebo. - La entrada en canaam. - Por la fe. - La tierra  conquistada. - Debora. - Gede&#xF3;n. - Samson. - El fin de Samson. - Rut. - Samuel. - El arca con los filisteos. - Samuel como juez. - El nuevo rey. - Desobediencia. - David. - David y Goliat. - Guardado por Dios. - Como una perdiz entre los montes. - Amad a vuestros enemigos. - Nabal. - Haquila. - Siclag. - El fin de Saul. - David es hecho rey. - David, el siervo de Dios. - Bat-seba. - Absalom. - La muerte de Absalom. - El fin de David. - Salomon. - La escisi&#xF3;n. - Jeroboam, el pecador. - Asa, el piadoso. - Elias. - "&#xA1;El se&#xF1;or es Dios!". - Elias sobre el Horeb. - Nabot. - La muerte de Acab. - Josafat. - Elias y Eliseo. - Eliseo. - Naaman y Giezi. - Eliseo y los Sirios. - Jeh&#xFA;. - Jo&#xE1;s. - Jon&#xE1;s. - El fin de Israel. - Isaias. - Ezequias. - Manases y Josias. - Jeremias. - Daniel. - En el horno ardiente. - Belsasar. - En la cueva de los leones. - El regreso. - Ester. - Por la fe.</subfield>
  </datafield>
  <datafield tag="526" ind1=" " ind2=" ">
    <subfield code="a">SEG42</subfield>
  </datafield>
  <datafield tag="526" ind1=" " ind2=" ">
    <subfield code="a">SEG41</subfield>
  </datafield>
  <datafield tag="526" ind1=" " ind2=" ">
    <subfield code="a">SEG40</subfield>
  </datafield>
  <datafield tag="526" ind1=" " ind2=" ">
    <subfield code="a">SEG39</subfield>
  </datafield>
  <datafield tag="526" ind1=" " ind2=" ">
    <subfield code="a">P94</subfield>
  </datafield>
  <datafield tag="526" ind1=" " ind2=" ">
    <subfield code="a">P87</subfield>
  </datafield>
  <datafield tag="526" ind1=" " ind2=" ">
    <subfield code="a">P86</subfield>
  </datafield>
  <datafield tag="526" ind1=" " ind2=" ">
    <subfield code="a">P85</subfield>
  </datafield>
  <datafield tag="526" ind1=" " ind2=" ">
    <subfield code="a">P77</subfield>
  </datafield>
  <datafield tag="526" ind1=" " ind2=" ">
    <subfield code="a">P76</subfield>
  </datafield>
  <datafield tag="526" ind1=" " ind2=" ">
    <subfield code="a">P35</subfield>
  </datafield>
  <datafield tag="942" ind1=" " ind2=" ">
    <subfield code="2">ddc</subfield>
    <subfield code="c">BOOK</subfield>
  </datafield>
  <datafield tag="949" ind1=" " ind2=" ">
    <subfield code="a">200 V58</subfield>
    <subfield code="w">DEWEY</subfield>
    <subfield code="c">1</subfield>
    <subfield code="i">08919</subfield>
    <subfield code="l">CCODEBUL1</subfield>
    <subfield code="m">BUL</subfield>
    <subfield code="p">00.00</subfield>
    <subfield code="r">0</subfield>
    <subfield code="s">Y</subfield>
    <subfield code="t">BOOK</subfield>
    <subfield code="u">2015-06-25</subfield>
    <subfield code="x">BIBLIOTECA</subfield>
    <subfield code="z">UNKNOWN</subfield>
    <subfield code="0">COMPRA</subfield>
    <subfield code="o">.STAFF. Colecci&#xF3;n General</subfield>
  </datafield>
  <datafield tag="596" ind1=" " ind2=" ">
    <subfield code="a">1</subfield>
  </datafield>
  <datafield tag="999" ind1=" " ind2=" ">
    <subfield code="a">200 V58</subfield>
    <subfield code="w">DEWEY</subfield>
    <subfield code="c">39920</subfield>
    <subfield code="i">08919</subfield>
    <subfield code="d">39920</subfield>
    <subfield code="e">2018-10-9</subfield>
    <subfield code="f">2021-11-9</subfield>
    <subfield code="g">5</subfield>
    <subfield code="l">CCODEBUL1</subfield>
    <subfield code="m">BUL</subfield>
    <subfield code="n">4</subfield>
    <subfield code="q">3</subfield>
    <subfield code="r">0</subfield>
    <subfield code="s">Y</subfield>
    <subfield code="t">BOOK</subfield>
    <subfield code="u">2015-6-25</subfield>
    <subfield code="x">TEOLOGIA</subfield>
    <subfield code="z">UNKNOWN</subfield>
    <subfield code="0">COMPRA</subfield>
    <subfield code="o">.STAFF. Colecci&#xF3;n General</subfield>
  </datafield>
  <datafield tag="980" ind1=" " ind2=" ">
    <subfield code="8">1</subfield>
    <subfield code="g">ALBERTO SANCHEZ Responsable de Automatizaci&#xF3;n</subfield>
  </datafield>
  <datafield tag="952" ind1=" " ind2=" ">
    <subfield code="r">2025-12-02 00:00:00</subfield>
    <subfield code="i">6</subfield>
    <subfield code="l">4</subfield>
    <subfield code="o">200 V58</subfield>
    <subfield code="p">08919</subfield>
    <subfield code="s">2018-10-09</subfield>
    <subfield code="t">e1</subfield>
    <subfield code="w">2015-06-25</subfield>
    <subfield code="x">FT</subfield>
    <subfield code="y">BK</subfield>
    <subfield code="z">inventario-2023-12-13</subfield>
    <subfield code="1">0</subfield>
    <subfield code="2">ddc</subfield>
    <subfield code="5">0</subfield>
    <subfield code="7">0</subfield>
    <subfield code="8">GEN</subfield>
    <subfield code="f">P35</subfield>
    <subfield code="a">BUL</subfield>
    <subfield code="b">BUL</subfield>
    <subfield code="c">GEN</subfield>
    <subfield code="d">2015-06-25</subfield>
    <subfield code="e">COMPRA</subfield>
  </datafield>
</record>
